000 01447nam0a2200313 i 4500
001 RU\NLR\BIBL_A\010901882
005 20260503053458.0
010 _a9785299005165
_9500
021 _aRU
_b2015-94032
_95814
035 _a(NILC)LIBNET\0000308522
035 _a(NLR Aleph) 010901882
090 _a10596195
_c10596195
100 _a20151117d2012 u y0rusy50 ca
101 0 _arus
102 _aRU
105 _ay|||j|||000yy
200 1 _aТабакокурение: вред, способы отказа
_eрекомендации тем, кто курит и желает избавиться от табачной зависимости
_f[Б.В. Овчинников, д.м.н., проф. и др.]
_gпод общ. ред. проф. В.К. Шамрея
210 _aСанкт-Петербург
_cСпецЛит
_d2012
215 _a45, [2] c. с.
_d20
320 _aБиблиогр. в конце кн.
606 1 _aКурение
_xБорьба с ним
_91414111
_3RU\NLR\AUTH\66596172
686 1 _aР120.482.2
702 1 _4220
_aОвчинников
_bБ. В.
_cд-р мед. наук, психиатрия
_gБорис Владимирович
_9127853
_3RU\NLR\AUTH\770127878
702 1 _aШамрей
_bВ. К.
_f1958-
_gВладислав Казимирович
_4340
801 0 _aRU
_gRCR
_bНБР Коми
942 _cBOOK
980 _aNBR